Sociální práva a sociální vědomí.
Tri hlavné smery sociálnej etiky, zaoberajúce sa otázkou obsahu a štruktúry všeobecného dobra: liberalizmus, socializmus a kresťanská sociálna náuka. Ľudské práva a ich realizovanie. Charta OSN a Všeobecná deklarácia ľudských práv. Sociálna spravodlivosť a sociálna nerovnosť.
Uložené v:
| Hlavný autor: | |
|---|---|
| Médium: | Kapitola |
| Jazyk: | Czech |
| Predmet: | |
| Tagy: |
Žiadne tagy, Buďte prvý, kto otaguje tento záznam!
|
MARC
| LEADER | 00000naa a2200000 4500 | ||
|---|---|---|---|
| 001 | r013536 | ||
| 005 | 20221213083127.2 | ||
| 041 | 0 | |a cze | |
| 044 | |a CZ | ||
| 245 | 1 | 0 | |a Sociální práva a sociální vědomí. |c J. Voňková |
| 520 | |a Tri hlavné smery sociálnej etiky, zaoberajúce sa otázkou obsahu a štruktúry všeobecného dobra: liberalizmus, socializmus a kresťanská sociálna náuka. Ľudské práva a ich realizovanie. Charta OSN a Všeobecná deklarácia ľudských práv. Sociálna spravodlivosť a sociálna nerovnosť. | ||
| 610 | 2 | 0 | |a etika |
| 610 | 2 | 0 | |a liberalizmus |
| 610 | 2 | 0 | |a nerovnosť sociálna |
| 610 | 2 | 0 | |a socializmus |
| 610 | 2 | 0 | |a spravodlivosť sociálna |
| 610 | 2 | 0 | |a práva ľudské |
| 610 | 2 | 0 | |a OSN |
| 610 | 2 | 0 | |a deklarácia |
| 610 | 2 | 0 | |a charta |
| 100 | 1 | |a Voňková, J. | |